000 00298nam a2200109Ia 4500
008 200302s9999 xx 000 0 und d
100 _aLester Walker
245 _aAmerican Shelter An Illustrated Encyclopedia of the American Home
260 _bThe Overlook Press
260 _c1981
300 _a320 P.,
999 _c2388
_d2388